| 000 | 00692nam a2200181 i 4500 | ||
|---|---|---|---|
| 001 | 26380 | ||
| 003 | ES-MaACL | ||
| 005 | 20230906153431.0 | ||
| 007 | t| | ||
| 008 | 030109s1881 sp ||||1| spa d | ||
| 100 | 1 |
_aArtigas y Teixidor, Primitivo. _923476 |
|
| 245 | 1 | 0 |
_aBreve reseña crítica relativa a la obra intitulada Le Chêne-Liege en Algérie por A. Lamey / _cpor Primitivo Artigas y Teixidor. |
| 260 |
_aMadrid : _b[s.n.], _c1881 ( _fImp. de Moreno y Rojas) |
||
| 300 |
_a23 p. ; _c25 cm. |
||
| 650 | 4 |
_aAlcornoque- _zArgelia. _9142689 |
|
| 700 | 1 |
_aLamey, A. _969848 |
|
| 852 |
_aES-MaACL _jT-831-F-8 _z.- Enc. en un vol. facticio conservando la enc. original _z.- Ded. ms. del autor |
||
| 999 |
_c26380 _d26380 |
||